[Event "Michigan Class C"]
[Site "Grand Rapids, MI"]
[Date "1999.01.09"]
[Round "1"]
[White "Mathews, Jeff"]
[Black "Bloch, Hermann"]
[Result "1-0"]
[WhiteElo "1605"]
[BlackElo "1605"]
[PlyCount "83"]
[EventDate "1999.01.09"]

1. e4 e5 2. Nf3 Nc6 3. Bb5 d6 4. d4 exd4 5. Nxd4 Bd7 6. Bxc6 bxc6 7. Qf3 Nf6 8.
Bg5 c5 9. Nf5 Bxf5 10. Qxf5 Be7 11. Nc3 c6 12. O-O-O O-O 13. e5 Ne8 14. Bxe7
Qxe7 15. exd6 Qf6 16. Qxf6 Nxf6 17. Rhe1 Rad8 18. Ne4 Nd7 19. Rd3 Rfe8 20. Kd2
Re5 21. Ng3 Rxe1 22. Kxe1 Re8+ 23. Kd2 Re5 24. c4 g6 25. Ra3 Re6 26. Rxa7 Rxd6+
27. Kc2 Kg7 28. a4 Rd4 29. b3 Ne5 30. Rc7 Nd3 31. f3 Nb4+ 32. Kc1 Nd3+ 33. Kb1
Nb4 34. Ne4 Rd1+ 35. Kb2 Rg1 36. Nxc5 Rxg2+ 37. Kc3 Na2+ 38. Kd4 Rd2+ 39. Ke3
Rd6 40. a5 Nb4 41. a6 Rd8 42. Ne6+ 1-0

[Event "Michigan Class B"]
[Site "Grand Rapids, MI"]
[Date "1999.01.09"]
[Round "2"]
[White "Masek, Adam"]
[Black "Carl, Kevin"]
[Result "0-1"]
[WhiteElo "1645"]
[BlackElo "1705"]
[PlyCount "80"]
[EventDate "1999.01.09"]

1. c4 Nf6 2. g3 g6 3. Bg2 Bg7 4. Nf3 O-O 5. O-O d6 6. Nc3 c6 7. d3 Nbd7 8. Rb1
a5 9. a3 e5 10. Bg5 h6 11. Bd2 Ne8 12. b4 axb4 13. axb4 f5 14. Qb3 Nc7 15. Ra1
Rxa1 16. Rxa1 Ne6 17. c5 Qe7 18. cxd6 Qxd6 19. Ra5 Kh7 20. Nd1 e4 21. dxe4 fxe4
22. Bh3 exf3 23. Bxe6 Qxd2 24. exf3 Re8 25. Ne3 Ne5 26. Rxe5 Bxe5 27. Bxc8 Rxc8
28. Qe6 Rf8 29. Qxe5 Qxb4 30. Nc2 Qb1+ 31. Kg2 Rf7 32. Qe6 Rg7 33. Ne3 h5 34.
g4 Qb5 35. Kh3 Qc5 36. gxh5 Qxh5+ 37. Kg3 Qg5+ 38. Ng4 Re7 39. Qd6 Re1 40. Qf8
Rg1+ 0-1

[Event "Michigan Class B"]
[Site "Grand Rapids, MI"]
[Date "1999.01.09"]
[Round "1"]
[White "Masek, Adam"]
[Black "Anderson, Gale"]
[Result "1/2-1/2"]
[WhiteElo "1645"]
[BlackElo "1750"]
[PlyCount "107"]
[EventDate "1999.01.09"]

1. c4 c5 2. g3 Nc6 3. Bg2 e5 4. Nc3 Nf6 5. d3 Be7 6. Nf3 d6 7. O-O Bg4 8. Bg5
h6 9. Bxf6 gxf6 10. Nd2 Qd7 11. Nd5 Rc8 12. Ne4 Qe6 13. Qd2 f5 14. h3 Bh5 15.
f4 Rg8 16. g4 Bg6 17. Kh1 Bh4 18. fxe5 fxe4 19. Qxh6 Be7 20. exd6 Qxd6 21. dxe4
Qe5 22. Qf4 Rh8 23. Rad1 Bh4 24. Rf3 Bg5 25. Nf6+ Bxf6 26. Qxf6 Qxf6 27. Rxf6
Ne5 28. b3 Nxg4 29. Rxg6 fxg6 30. Kg1 Ne3 31. Rd6 Nxg2 32. Kxg2 Rc6 33. Rd5 Ke7
34. e5 Rd8 35. e4 a6 36. Kg3 Rf8 37. a4 Rf1 38. Kg4 b6 39. h4 Rg1+ 40. Kf4 Rc8
41. Rd6 Rf8+ 42. Ke3 Rg3+ 43. Ke2 Rh8 44. Rxb6 Rxh4 45. Kf2 Rg5 46. Rxa6 Rxe4
47. Kf3 Rexe5 48. Kf4 Rgf5+ 49. Kg4 Re4+ 50. Kg3 Re1 51. Kg2 g5 52. Rb6 Re2+
53. Kg3 Kd7 54. Kg4 1/2-1/2

[Event "Michigan Class D/E"]
[Site "Grand Rapids, MI"]
[Date "1999.01.09"]
[Round "3"]
[White "Lueer, Michael"]
[Black "Friday, Matt"]
[Result "0-1"]
[WhiteElo "1605"]
[BlackElo "1605"]
[PlyCount "92"]
[EventDate "1999.01.09"]

1. d4 d5 2. e4 c6 3. Nc3 h6 4. Nf3 Bg4 5. Be2 Nf6 6. Ne5 Bxe2 7. Qxe2 e6 8.
exd5 cxd5 9. Qb5+ Nbd7 10. Nxd7 Nxd7 11. Qxb7 Be7 12. O-O O-O 13. Qb5 Nf6 14.
Qd3 Qc7 15. Qg3 Qxg3 16. hxg3 Bd6 17. Bf4 Bxf4 18. gxf4 Rfe8 19. Nb5 Re7 20. a4
Kh7 21. b4 Rg8 22. Ra3 g5 23. fxg5 hxg5 24. Rh3+ Kg6 25. Na3 g4 26. Rb3 Rb7 27.
c4 dxc4 28. Nxc4 Rh8 29. a5 a6 30. Rd1 Rh7 31. Ne3 Rb8 32. Kf1 Rhh8 33. d5 exd5
34. Nxd5 Rh1+ 35. Ke2 Rxd1 36. Ne7+ Kg5 37. Kxd1 Nd7 38. Nd5 Nc5 39. Rg3 Ne4
40. f4+ Kf5 41. Rb3 Rd8 42. Ke2 Rxd5 43. Rd3 Rxd3 44. Kxd3 Kxf4 45. b5 axb5 46.
a6 Nc5+ 0-1

[Event "Michigan Class D/E"]
[Site "Grand Rapids, MI"]
[Date "1999.01.09"]
[Round "3"]
[White "Kotman, Stuart"]
[Black "Roth, Bruce"]
[Result "1-0"]
[WhiteElo "1605"]
[BlackElo "1605"]
[PlyCount "139"]
[EventDate "1999.01.09"]

1. Nf3 d5 2. g3 g6 3. Bg2 Bg7 4. O-O Nf6 5. d3 O-O 6. Nbd2 c5 7. Re1 b6 8. e4
dxe4 9. dxe4 Bb7 10. e5 Nfd7 11. Qe2 e6 12. Nc4 Nc6 13. Nd6 Qc7 14. Bf4 h6 15.
h4 Rad8 16. Nxb7 Qxb7 17. c3 Qc7 18. Qe3 Kh7 19. h5 Ne7 20. Qe4 Kg8 21. Rad1 g5
22. Bxg5 hxg5 23. Nxg5 Nf5 24. f4 Bh6 25. g4 Bxg5 26. fxg5 Ng7 27. Bf1 Qxe5 28.
Qxe5 Nxe5 29. Rxd8 Nf3+ 30. Kf2 Rxd8 31. Kxf3 Rd7 32. Bb5 Rd5 33. Kf4 e5+ 34.
Rxe5 Ne6+ 35. Kf5 Rxe5+ 36. Kxe5 Nxg5 37. Bd3 Kg7 38. Kf5 f6 39. Be4 Kh6 40.
Bd5 Kg7 41. b4 cxb4 42. cxb4 Nh7 43. Ke6 Kh6 44. Ke7 Kg7 45. a4 Kh6 46. a5 bxa5
47. bxa5 Kg7 48. Be6 Ng5 49. a6 Ne4 50. Bc8 Kh6 51. Kd7 f5 52. gxf5 Kxh5 53.
Kc6 Kg5 54. Kb7 Nd6+ 55. Kb8 Kf6 56. Be6 Nb5 57. Bd7 Nd6 58. Kxa7 Ke7 59. Be6
Kd8 60. Kb8 Nb5 61. a7 Nxa7 62. Kxa7 Kc7 63. Ka8 Kd6 64. Kb8 Ke7 65. Kc7 Ke8
66. Kd6 Kd8 67. Bf7 Kc8 68. Ke7 Kc7 69. Bd5 Kc8 70. f6 1-0

[Event "Michigan Class D/E"]
[Site "Grand Rapids, MI"]
[Date "1999.01.09"]
[Round "1"]
[White "Kotman, Stuart"]
[Black "McCrandell, James"]
[Result "0-1"]
[WhiteElo "1605"]
[BlackElo "1605"]
[PlyCount "79"]
[EventDate "1999.01.09"]

1. d4 d5 2. c4 c6 3. Nf3 Bg4 4. Nc3 Bxf3 5. gxf3 e6 6. e3 Bb4 7. Bd2 Nf6 8. a3
Ba5 9. Rc1 O-O 10. Bd3 a6 11. Qe2 Re8 12. f4 b5 13. cxb5 axb5 14. Na2 Bb6 15.
Nb4 Qd7 16. Bb1 Ne4 17. Bxe4 dxe4 18. Rg1 f5 19. Qh5 g6 20. Qg5 Ba5 21. h4 Na6
22. h5 Bxb4 23. Bxb4 Nxb4 24. axb4 Qd6 25. hxg6 Qxb4+ 26. Kf1 h6 27. Qxh6 Qe7
28. Rh1 Qg7 29. Qg5 Qe7 30. Rh7 Qxg5 31. fxg5 Rac8 32. Ke2 Kf8 33. Rch1 Kg8 34.
Kd2 Rf8 35. Kc3 c5 36. Ra1 cxd4+ 37. Kxd4 Rc2 38. Ke5 Rxf2 39. g7 Rf7 40. Ra8+
0-1

[Event "Michigan Masters/Experts"]
[Site "Grand Rapids, MI"]
[Date "1999.01.09"]
[Round "2.5"]
[White "Kitts, Gary"]
[Black "Jarosz, Stan"]
[Result "1-0"]
[WhiteElo "2044"]
[BlackElo "2028"]
[PlyCount "57"]
[EventDate "1999.01.09"]

1. e4 e6 2. Nc3 d5 3. Nf3 Nf6 4. e5 Nfd7 5. d4 c5 6. Bf4 Nc6 7. dxc5 Bxc5 8.
Bd3 f6 9. exf6 Nxf6 10. O-O O-O 11. Bg5 Qe8 12. Re1 Ng4 13. Bh4 Qh5 14. Bg3 Nh6
15. Ne5 Qxd1 16. Raxd1 Nf5 17. Bxf5 Rxf5 18. Nd3 Be7 19. Nb5 Bd8 20. Nd6 Rf6
21. Nc5 Bb6 22. Ndxb7 Bxb7 23. Nxb7 Raf8 24. c3 Bxf2+ 25. Bxf2 Rxf2 26. Rxe6
Rxb2 27. Nc5 Na5 28. Nd7 Rff2 29. Re8+ 1-0

[Event "Michigan Masters/Experts"]
[Site "Grand Rapids, MI"]
[Date "1999.01.09"]
[Round "1.2"]
[White "Kitts, Gary"]
[Black "Fischvogt, Eric"]
[Result "0-1"]
[WhiteElo "2044"]
[BlackElo "2260"]
[PlyCount "66"]
[EventDate "1999.01.09"]

1. e4 e6 2. Nc3 d5 3. d4 Nf6 4. e5 Ne4 5. Nce2 f6 6. f3 Ng5 7. Ng3 fxe5 8. dxe5
c5 9. f4 Nf7 10. Nh5 Nc6 11. Nf3 Bd7 12. c3 Qb6 13. Qc2 O-O-O 14. Be3 Kb8 15.
O-O-O Rc8 16. Kb1 Nh6 17. h3 Nf5 18. Bf2 Be8 19. Ng3 Nxg3 20. Bxg3 c4 21. Bf2
Qa6 22. Ka1 Bg6 23. Qd2 Na5 24. Nd4 Bc5 25. b4 Bxd4 26. bxa5 Bxf2 27. Qxf2 Qxa5
28. Qd2 d4 29. Be2 dxc3 30. Qc1 c2 31. Rd6 Rc5 32. Qd2 Qxd2 33. Rxd2 Rb5 0-1

[Event "Michigan Class C"]
[Site "Grand Rapids, MI"]
[Date "1999.01.09"]
[Round "3"]
[White "Johnson, Donta"]
[Black "Mellas, Jim"]
[Result "0-1"]
[WhiteElo "1605"]
[BlackElo "1605"]
[PlyCount "50"]
[EventDate "1999.01.09"]

1. e4 e5 2. Nf3 Nc6 3. Bb5 a6 4. Ba4 b5 5. Bb3 Nf6 6. d3 Na5 7. Nxe5 Nxb3 8.
axb3 Qe7 9. f4 Bb7 10. Be3 d5 11. O-O dxe4 12. Re1 O-O-O 13. Qe2 exd3 14. cxd3
Nd5 15. Qg4+ Kb8 16. Rxa6 Nxe3 17. Rxe3 Qc5 18. Qe2 Bxa6 19. Na3 Qc1+ 20. Kf2
Bc5 21. Nc6+ Ka8 22. d4 Bxd4 23. Nxd4 Rxd4 24. Rc3 Qxf4+ 25. Kg1 Rhd8 0-1

[Event "Michigan Class C"]
[Site "Grand Rapids, MI"]
[Date "1999.01.09"]
[Round "1"]
[White "Johnson, Donta"]
[Black "Aldrich, Justin"]
[Result "1-0"]
[WhiteElo "1605"]
[BlackElo "1605"]
[PlyCount "117"]
[EventDate "1999.01.09"]

1. e4 e5 2. Nf3 Nc6 3. Bb5 Nf6 4. O-O d6 5. d3 a6 6. Ba4 Bg4 7. Nbd2 Be7 8. c3
O-O 9. Re1 h6 10. h3 Bh5 11. Nf1 Nh7 12. Ng3 Bg6 13. b4 Ng5 14. Nh4 Nxh3+ 15.
gxh3 Bxh4 16. Qg4 b5 17. Bb3 Qf6 18. Re3 Qg5 19. Qd7 Na7 20. Qxc7 Rfc8 21. Qxd6
Rxc3 22. Bb2 Rd8 23. Qxd8+ Qxd8 24. Bxc3 Nc6 25. Ne2 Qg5+ 26. Kf1 Qf6 27. Ng3
Qf4 28. Kg2 Bf6 29. Rf3 Qg5 30. Rg1 Kf8 31. Kh2 Nd4 32. Bxd4 exd4 33. Nf5 Be5+
34. Kh1 Qh5 35. Rg4 f6 36. Kg2 Bxf5 37. Rxf5 Qe8 38. f4 Bxf4 39. Rgxf4 Qc6 40.
Rc5 Qd6 41. Rf2 Qb6 42. e5 Ke7 43. exf6+ gxf6 44. Re2+ Kf8 45. Re6 Qb7+ 46. Bd5
Qg7+ 47. Kh2 f5 48. Rc8+ Kf7 49. Rc7+ Kf8 50. Rxg7 Kxg7 51. Rxa6 f4 52. a4 bxa4
53. b5 f3 54. b6 f2 55. Kg2 f1=Q+ 56. Kxf1 a3 57. b7 a2 58. b8=Q Kh7 59. Qg8#
1-0

[Event "Michigan Class C"]
[Site "Grand Rapids, MI"]
[Date "1999.01.09"]
[Round "3"]
[White "Jensen, David"]
[Black "Aldrich, Justin"]
[Result "1/2-1/2"]
[WhiteElo "1605"]
[BlackElo "1605"]
[PlyCount "136"]
[EventDate "1999.01.09"]

1. d4 d5 2. c4 c6 3. Nc3 Nf6 4. Nf3 h6 5. e3 Bf5 6. Bd3 Bxd3 7. Qxd3 e6 8. b3
Nbd7 9. O-O Be7 10. Bb2 O-O 11. Rfe1 Rc8 12. c5 b6 13. b4 Nh7 14. e4 dxe4 15.
Nxe4 Ndf6 16. Rad1 Nxe4 17. Rxe4 Bf6 18. Qe3 Qd5 19. a3 bxc5 20. bxc5 Rb8 21.
Bc1 Rb3 22. Qe2 Rfb8 23. Re3 Ng5 24. Nxg5 Bxg5 25. Rxb3 Rxb3 26. Bxg5 Qxg5 27.
a4 Qd5 28. Qc2 Rb4 29. Rb1 Qxd4 30. Rd1 Qe4 31. Rd8+ Kh7 32. Qxe4+ Rxe4 33. Kf1
Rxa4 34. Rc8 Ra6 35. Rc7 Kg6 36. Ke2 f5 37. f4 Kf6 38. Ke3 g5 39. g3 gxf4+ 40.
gxf4 e5 41. fxe5+ Kxe5 42. Rh7 Ra5 43. Rxh6 Rxc5 44. Rh7 a5 45. h4 Rc4 46. Kd3
Rb4 47. Kc3 c5 48. Rc7 Kd6 49. Rf7 Rxh4 50. Rxf5 Rb4 51. Rh5 Kc6 52. Rh8 Rg4
53. Kb3 Kb5 54. Rb8+ Kc6 55. Ra8 a4+ 56. Rxa4 Rxa4 57. Kxa4 Kd5 58. Kb3 Kd4 59.
Kc2 c4 60. Kd2 c3+ 61. Kc2 Kc4 62. Kc1 Kb3 63. Kb1 Kb4 64. Kc1 Kc4 65. Kc2 Kd4
66. Kc1 Kd3 67. Kd1 c2+ 68. Kc1 Kc3 1/2-1/2

[Event "Michigan Class D/E"]
[Site "Grand Rapids, MI"]
[Date "1999.01.09"]
[Round "2"]
[White "Jaskot, Allan"]
[Black "Horwood, Rob"]
[Result "1/2-1/2"]
[WhiteElo "1605"]
[BlackElo "1605"]
[PlyCount "105"]
[EventDate "1999.01.09"]

1. e4 e5 2. Bc4 Nf6 3. Nf3 Nc6 4. Ng5 d5 5. exd5 Nxd5 6. Qf3 Qxg5 7. Bxd5 Qg6
8. Bxc6+ Qxc6 9. Qxc6+ bxc6 10. O-O Bb4 11. c3 Bd6 12. b4 c5 13. Bb2 c4 14. Re1
O-O 15. Re4 Be6 16. Na3 Bd5 17. Re3 e4 18. Nc2 c5 19. a3 Rab8 20. Ne1 a5 21. f3
f5 22. Bc1 cxb4 23. axb4 axb4 24. Ra5 Be6 25. Ra6 Rfd8 26. cxb4 Kf7 27. fxe4 f4
28. Re2 Bxb4 29. e5 Ra8 30. Rc6 Rdc8 31. Rxc8 Bxc8 32. Re4 g5 33. h4 Bf5 34.
Re2 Bd3 35. e6+ Kf6 36. hxg5+ Kf5 37. Nxd3 cxd3 38. Re1 Re8 39. Kf2 Rxe6 40.
Rxe6 Kxe6 41. g3 Kf5 42. Kf3 fxg3 43. Kxg3 Kxg5 44. Kf3 Kh4 45. Ke3 h5 46. Bb2
Be7 47. Be5 Bg5+ 48. Kxd3 Kh3 49. Ke2 Kg2 50. d4 h4 51. d5 h3 52. d6 Bf6 53.
Bf4 1/2-1/2

[Event "Michigan Masters/Experts"]
[Site "Grand Rapids, MI"]
[Date "1999.01.09"]
[Round "1.4"]
[White "Jarosz, Stan"]
[Black "Ciaffone, Bob"]
[Result "1/2-1/2"]
[WhiteElo "2028"]
[BlackElo "2200"]
[PlyCount "107"]
[EventDate "1999.01.09"]

1. d4 e6 2. Nf3 f5 3. g3 Nf6 4. Bg2 Be7 5. O-O O-O 6. c4 d6 7. Nc3 a5 8. Qc2
Na6 9. a3 Qe8 10. e4 fxe4 11. Nxe4 Qh5 12. Bg5 h6 13. Nxf6+ Bxf6 14. Bxf6 Rxf6
15. Nd2 Rb8 16. Ne4 Rf8 17. Qc3 Bd7 18. b4 axb4 19. axb4 e5 20. dxe5 Qxe5 21.
Qxe5 dxe5 22. b5 Nb4 23. Nc5 Bc8 24. Ra7 b6 25. Na6 Bxa6 26. bxa6 Rbd8 27. Rb1
c5 28. Rb7 Nxa6 29. Bd5+ Kh8 30. R1xb6 Nb4 31. Rg6 Nxd5 32. cxd5 Rxd5 33. Rgxg7
Rc8 34. Rg6 c4 35. Rxh6+ Kg8 36. Rhh7 Rdc5 37. Rbg7+ Kf8 38. Ra7 Kg8 39. Rhd7
c3 40. Rd1 c2 41. Rc1 Rd5 42. Kg2 Rd1 43. Raa1 Rd2 44. Re1 Rf8 45. h4 Rfxf2+
46. Kh3 Rfe2 47. Rxe2 Rxe2 48. Kg4 Rf2 49. Kg5 Kf7 50. h5 e4 51. h6 e3 52. h7
Rh2 53. Kf4 Rxh7 54. Kxe3 1/2-1/2

[Event "Michigan Beginners"]
[Site "Grand Rapids, MI"]
[Date "1999.01.09"]
[Round "1"]
[White "Jackson, Kevin"]
[Black "McMillan, Timothy"]
[Result "1-0"]
[WhiteElo "1605"]
[BlackElo "1605"]
[PlyCount "53"]
[EventDate "1999.01.09"]

1. e4 c5 2. Nf3 d6 3. c3 Nc6 4. Bd3 e5 5. Bc2 Nf6 6. h3 Be7 7. O-O O-O 8. Na3
Be6 9. d4 d5 10. exd5 Nxd5 11. Nc4 Nxc3 12. bxc3 Bxc4 13. Re1 f6 14. Bb2 Qb6
15. Bb3 Na5 16. dxc5 Bxc5 17. Bxc4+ Nxc4 18. Qd5+ Kh8 19. Re2 Rad8 20. Qxc4 Rc8
21. Qb3 Bxf2+ 22. Rxf2 Qe3 23. Re1 Qh6 24. Bc1 Qg6 25. Rd2 f5 26. Nxe5 Qg3 27.
Nf7+ 1-0

[Event "Michigan Beginners"]
[Site "Grand Rapids, MI"]
[Date "1999.01.09"]
[Round "2"]
[White "Jackson, Kevin"]
[Black "Foreman, Steve"]
[Result "1-0"]
[WhiteElo "1605"]
[BlackElo "1605"]
[PlyCount "119"]
[EventDate "1999.01.09"]

1. e4 e6 2. d4 h6 3. Nf3 Nf6 4. Bd3 Nc6 5. a3 d5 6. Nc3 a6 7. h3 Bd7 8. e5 Ng8
9. Ne2 f5 10. Nf4 Nge7 11. Bd2 g5 12. Ne2 g4 13. hxg4 fxg4 14. Nh4 Nf5 15. Nxf5
exf5 16. Nf4 Nxd4 17. Ng6 Rh7 18. Nxf8 Kxf8 19. Be3 Ne6 20. Bxf5 Rg7 21. Rxh6
Qg5 22. Rh8+ Rg8 23. Rxg8+ Kxg8 24. Qxg4 Qxg4 25. Bxg4 Kg7 26. O-O-O Rf8 27. f3
c6 28. Bd2 Rf7 29. g3 Nd4 30. Re1 Nxf3 31. Bxf3 Rxf3 32. Bc3 Bg4 33. e6+ Kf8
34. Bb4+ Ke8 35. Bd6 Rf6 36. c3 Bxe6 37. Bf4 Kf7 38. Kd2 b5 39. Kd3 Bf5+ 40.
Kd4 Re6 41. Rxe6 Kxe6 42. Kc5 Kd7 43. Kb6 Bc2 44. Kxa6 Kc8 45. Kb6 Kd7 46. Be5
Bg6 47. Kc5 Bc2 48. g4 Ke6 49. Bh8 Kd7 50. Kd4 Kd6 51. Be5+ Ke6 52. g5 c5+ 53.
Kxc5 Kxe5 54. Kxb5 Kf5 55. Kc5 Be4 56. b4 Kxg5 57. a4 Bc2 58. a5 Bd3 59. b5 Kf4
60. a6 1-0

[Event "Michigan Class D/E"]
[Site "Grand Rapids, MI"]
[Date "1999.01.09"]
[Round "1"]
[White "Horwood, Rob"]
[Black "Poniatowski, Don"]
[Result "0-1"]
[WhiteElo "1605"]
[BlackElo "1605"]
[PlyCount "120"]
[EventDate "1999.01.09"]

1. e4 Nf6 2. Nc3 d5 3. e5 d4 4. exf6 dxc3 5. fxg7 cxd2+ 6. Bxd2 Bxg7 7. Bg5
Qxd1+ 8. Rxd1 Bxb2 9. Bb5+ Bd7 10. Bxd7+ Nxd7 11. Nf3 Bc3+ 12. Nd2 Rg8 13. Bf4
O-O-O 14. O-O Rg4 15. g3 Rdg8 16. Kh1 e5 17. Be3 Ra4 18. Nb1 Bd4 19. Bxd4 Rxd4
20. Rxd4 exd4 21. Rd1 c5 22. f4 Re8 23. c3 dxc3 24. Nxc3 a6 25. Rd6 Re6 26. Rd5
b6 27. Rh5 h6 28. Kg2 b5 29. a3 b4 30. f5 Re5 31. axb4 cxb4 32. Na4 Ra5 33.
Rxh6 Rxa4 34. Rc6+ Kb7 35. Rc4 a5 36. h4 Ra2+ 37. Kh3 b3 38. Rc1 Rc2 39. Rb1 b2
40. h5 Nf6 41. g4 a4 42. h6 Nh7 43. Kh4 a3 44. g5 Rc1 45. g6 fxg6 46. fxg6 Rxb1
47. gxh7 Rh1+ 48. Kg5 b1=Q 49. h8=Q Qb5+ 50. Kg6 Rg1+ 51. Kf7 Qd5+ 52. Ke7 Re1+
53. Kf8 Qf5+ 54. Kg8 Re8+ 55. Kg7 Rxh8 56. Kxh8 a2 57. Kg8 Qg6+ 58. Kf8 Qxh6+
59. Kf7 a1=Q 60. Kg8 Qhg7# 0-1

[Event "Michigan Class D/E"]
[Site "Grand Rapids, MI"]
[Date "1999.01.09"]
[Round "3"]
[White "Horwood, Rob"]
[Black "Crysler, Jerry"]
[Result "0-1"]
[WhiteElo "1605"]
[BlackElo "1605"]
[PlyCount "82"]
[EventDate "1999.01.09"]

1. e4 g6 2. d4 Bg7 3. Nf3 c5 4. c3 cxd4 5. cxd4 d6 6. Bc4 Nf6 7. Bg5 Nxe4 8.
Nc3 Nxc3 9. bxc3 O-O 10. O-O Bg4 11. Re1 Nc6 12. Bd5 Re8 13. h3 Bd7 14. Qc1 Qc7
15. Bh6 e6 16. Bc4 d5 17. Bd3 Ne7 18. Ne5 Nf5 19. Bg5 Bc6 20. g4 Nd6 21. Bf4 f6
22. Nf3 Qd7 23. h4 e5 24. dxe5 Qxg4+ 25. Bg3 Qxf3 26. exd6 Qxd3 27. Qa3 Rxe1+
28. Rxe1 Qf3 29. Re7 d4 30. Qb3+ Bd5 31. Qxd5+ Qxd5 32. d7 Bf8 33. Re8 b6 34.
Bc7 Qxd7 35. Rxa8 Qxc7 36. cxd4 Qc1+ 37. Kg2 Qc6+ 38. Kg3 Qxa8 39. Kg4 Qe4+ 40.
Kg3 Bd6+ 41. Kh3 Qf3# 0-1

[Event "Michigan Class D/E"]
[Site "Grand Rapids, MI"]
[Date "1999.01.09"]
[Round "3"]
[White "Hanson, Eric"]
[Black "Crist, Kevin"]
[Result "0-1"]
[WhiteElo "1605"]
[BlackElo "1605"]
[PlyCount "66"]
[EventDate "1999.01.09"]

1. d4 Nf6 2. Nf3 d6 3. e3 g6 4. Bd3 Bg7 5. Nbd2 O-O 6. e4 Ng4 7. O-O e5 8. c3
d5 9. Re1 exd4 10. Nxd4 Be5 11. N2f3 Qd6 12. Nxe5 Nxe5 13. Bf4 Nbd7 14. Re3 Qf6
15. Bg3 Nc5 16. Bc2 dxe4 17. Bxe4 Nc4 18. Rf3 Qe7 19. Bc2 Bg4 20. Nf5 gxf5 21.
Bxf5 Bxf3 22. Qxf3 Ne5 23. Qh5 Ng6 24. f3 Rfe8 25. Re1 Qd8 26. Be5 Qd2 27. Kf1
Nd3 28. Bxd3 Qxd3+ 29. Kf2 Qd2+ 30. Kf1 Re7 31. Re4 Rae8 32. Qf5 Rxe5 33. Rxe5
Rxe5 0-1

[Event "Michigan Masters/Experts"]
[Site "Grand Rapids, MI"]
[Date "1999.01.09"]
[Round "2.2"]
[White "Hankinson, Chris"]
[Black "Czuhai, Kevin"]
[Result "0-1"]
[WhiteElo "2082"]
[BlackElo "2232"]
[PlyCount "68"]
[EventDate "1999.01.09"]

1. Nc3 e5 2. e4 Nc6 3. Bc4 Nf6 4. d3 h6 5. a3 Bc5 6. Na4 Be7 7. f4 d5 8. exd5
Nxd5 9. Ne2 Bg4 10. O-O Nd4 11. Nxd4 Bxd1 12. fxe5 Bh5 13. Nf5 O-O 14. Bxd5 c6
15. Bb3 b5 16. Nc3 Bc5+ 17. Kh1 Bd4 18. Bf4 Bxc3 19. bxc3 Bg4 20. Nd4 Qc8 21.
a4 a6 22. axb5 axb5 23. Rxa8 Qxa8 24. e6 Bxe6 25. Bd6 Re8 26. Nxe6 fxe6 27. d4
Qd8 28. Bc5 Kh7 29. h3 Qh4 30. Bd6 Qh5 31. Re1 Qf5 32. Kg1 Qg5 33. Re5 Qc1+ 34.
Kh2 Qf4+ 0-1

[Event "Michigan Beginners"]
[Site "Grand Rapids, MI"]
[Date "1999.01.09"]
[Round "1"]
[White "Hall, Derick"]
[Black "Evans, Joseph"]
[Result "1-0"]
[WhiteElo "1605"]
[BlackElo "1605"]
[PlyCount "151"]
[EventDate "1999.01.09"]

1. e4 e5 2. Nf3 Nc6 3. Bb5 d6 4. c3 Bd7 5. d4 a6 6. Bc4 Be7 7. Qb3 Nh6 8. Bxh6
Kf8 9. Bxg7+ Kxg7 10. Bxf7 Na5 11. Qd5 b5 12. a3 c6 13. Qa2 Rf8 14. dxe5 Rxf7
15. e6 Bxe6 16. Qxe6 Rf6 17. Qa2 Qd7 18. Nbd2 Rg6 19. O-O-O Rf8 20. b4 Nb7 21.
e5 Rxg2 22. e6 Qe8 23. Rhg1 Rxg1 24. Rxg1+ Kh8 25. Qc2 Rg8 26. Rxg8+ Qxg8 27.
Qe4 Nd8 28. Qd4+ Qg7 29. Qxg7+ Kxg7 30. Nd4 h5 31. Ne4 d5 32. Ng3 h4 33. Ngf5+
Kf8 34. Nxe7 Kxe7 35. Nf5+ Kxe6 36. Nxh4 Nf7 37. Kd2 Ng5 38. f4 Nh3 39. Ke3 Kf6
40. Kf3 Ke6 41. Kg4 Ng1 42. Kg5 Ne2 43. f5+ Kf7 44. Ng6 Nxc3 45. Ne5+ Ke7 46.
Nxc6+ Kf7 47. h4 Ne4+ 48. Kf4 Nf6 49. Nd8+ Ke7 50. Ne6 Kf7 51. Ke5 Nd7+ 52.
Kxd5 Kf6 53. Ke4 Ne5 54. h5 Ng4 55. Kf4 Nh6 56. Nc7 Nxf5 57. Nxa6 Ng7 58. Kg4
Ne6 59. Nb8 Kg7 60. Kf5 Nd4+ 61. Kg4 Nc2 62. Nc6 Nxa3 63. Nd4 Nc2 64. Nxc2 Kf6
65. Nd4 Ke5 66. Nxb5 Kd5 67. h6 Kc4 68. h7 Kxb5 69. h8=Q Kxb4 70. Qc8 Kb5 71.
Kf5 Kb6 72. Ke5 Ka7 73. Kd6 Kb6 74. Qb8+ Ka6 75. Kc5 Ka5 76. Qb5# 1-0

[Event "Michigan Class C"]
[Site "Grand Rapids, MI"]
[Date "1999.01.09"]
[Round "1"]
[White "Grzegorczyk, Ron"]
[Black "Reist, Douglas"]
[Result "1/2-1/2"]
[WhiteElo "1605"]
[BlackElo "1605"]
[PlyCount "70"]
[EventDate "1999.01.09"]

1. e4 d6 2. d4 Nf6 3. Nc3 e6 4. Nf3 Be7 5. Be2 O-O 6. O-O Nbd7 7. Be3 c5 8.
dxc5 Nxc5 9. Bxc5 dxc5 10. Qxd8 Rxd8 11. Rad1 b6 12. Rxd8+ Bxd8 13. Rd1 Bb7 14.
e5 Nd5 15. g3 Nxc3 16. bxc3 Bxf3 17. Bxf3 Rb8 18. Rd7 a5 19. Bb7 Kf8 20. Ba6 h6
21. Bb5 f6 22. f4 fxe5 23. fxe5 Bg5 24. Bc4 Rd8 25. Rxd8+ Bxd8 26. Bxe6 Ke7 27.
Bd5 Bc7 28. e6 Kf6 29. Kf2 g5 30. Kf3 h5 31. h3 Bd8 32. g4 h4 33. a4 Ke5 34.
Bc4 Be7 35. Ke3 Bd8 1/2-1/2

[Event "Michigan Class C"]
[Site "Grand Rapids, MI"]
[Date "1999.01.09"]
[Round "3"]
[White "Grzegorczyk, Ron"]
[Black "Mathews, Jeff"]
[Result "1/2-1/2"]
[WhiteElo "1605"]
[BlackElo "1605"]
[PlyCount "144"]
[EventDate "1999.01.09"]

1. e4 e5 2. Nf3 Nc6 3. Bb5 a6 4. Ba4 Nf6 5. O-O Nxe4 6. Re1 Nc5 7. Bxc6 dxc6 8.
d4 Ne6 9. Nxe5 Be7 10. c3 O-O 11. Be3 f6 12. Nf3 Qd5 13. Nbd2 b5 14. b3 Qh5 15.
Ne4 Bd6 16. Nxd6 cxd6 17. c4 Nc7 18. Bf4 Rd8 19. c5 Ne8 20. Qc2 Qf5 21. Qxf5
Bxf5 22. Re7 dxc5 23. dxc5 Rd7 24. Rxd7 Bxd7 25. Rd1 Bf5 26. h3 g5 27. Be3 Nc7
28. Nd4 Be4 29. f3 Bd5 30. Nf5 Re8 31. Kf2 h5 32. g3 a5 33. Bd4 Na6 34. Bxf6
Kh7 35. Ne7 Nxc5 36. Nxd5 cxd5 37. Rxd5 Rc8 38. Bxg5 Ne6 39. Be3 Rc2+ 40. Rd2
Rc3 41. Rd7+ Kg8 42. Ke2 a4 43. bxa4 bxa4 44. Rd5 Ra3 45. Rxh5 Rxa2+ 46. Kd1
Rg2 47. g4 a3 48. Ra5 a2 49. Kc1 Rh2 50. Bd2 Rxh3 51. Rxa2 Rxf3 52. Kd1 Kh7 53.
Ra4 Kg6 54. Ke2 Rh3 55. Ra6 Kf7 56. Ra7+ Kg6 57. Be3 Rg3 58. Ra4 Rh3 59. Re4
Kf7 60. Kf2 Rh1 61. Kg3 Kf6 62. Ra4 Kg6 63. Ra5 Rb1 64. Re5 Kf6 65. Rh5 Rb3 66.
Kf2 Rb2+ 67. Kf3 Rb1 68. Rh6+ Kf7 69. g5 Rb3 70. Ke4 Rb4+ 71. Kd5 Nxg5 72. Kc5
Rg4 1/2-1/2

[Event "Michigan Class C"]
[Site "Grand Rapids, MI"]
[Date "1999.01.09"]
[Round "1"]
[White "Grzegorczyk, Ron"]
[Black "Asbury, Victor"]
[Result "0-1"]
[WhiteElo "1605"]
[BlackElo "1605"]
[PlyCount "120"]
[EventDate "1999.01.09"]

1. e4 c5 2. Nf3 Nc6 3. c4 g6 4. Nc3 Bg7 5. d3 Nf6 6. Be2 O-O 7. O-O a6 8. Rb1
d6 9. a3 Ng4 10. Bd2 f5 11. Qc1 Nd4 12. Nxd4 Bxd4 13. Bxg4 fxg4 14. Be3 Bg7 15.
Bh6 Rf7 16. Bxg7 Kxg7 17. Ne2 e5 18. Qe3 Be6 19. Nc3 Qd7 20. Nd5 Bxd5 21. exd5
Raf8 22. Rbe1 Rf4 23. Re2 Qf5 24. Qd2 h5 25. b4 b6 26. Re3 h4 27. Qe2 Qg5 28.
Re4 g3 29. Rxf4 gxh2+ 30. Kxh2 Rxf4 31. Qe3 Qf5 32. Kg1 Rd4 33. Rd1 e4 34. Re1
exd3 35. bxc5 bxc5 36. Qe7+ Kh6 37. Qe8 d2 38. Rd1 Re4 39. Qh8+ Kg5 40. Qd8+
Qf6 41. Qxf6+ Kxf6 42. Rxd2 Rxc4 43. Rd3 Re4 44. f3 Rd4 45. Rb3 Ke5 46. Rb6
Kxd5 47. Rxa6 c4 48. Ra5+ Kc6 49. Ra4 Rd1+ 50. Kf2 Kd5 51. Ke2 Rg1 52. Kf2 Rb1
53. Ra5+ Kd4 54. Ra6 Rb2+ 55. Kg1 d5 56. Rxg6 c3 57. Rg4+ Kd3 58. Rg5 d4 59.
Rc5 c2 60. Kh2 Rb1 0-1

[Event "Michigan Class C"]
[Site "Grand Rapids, MI"]
[Date "1999.01.09"]
[Round "2"]
[White "Griffin, John"]
[Black "Burnham, Kim"]
[Result "1-0"]
[WhiteElo "1605"]
[BlackElo "1605"]
[PlyCount "41"]
[EventDate "1999.01.09"]

1. d4 Nf6 2. c4 e6 3. g3 Bb4+ 4. Nc3 O-O 5. Bg2 d5 6. a3 Bxc3+ 7. bxc3 Nc6 8.
Nf3 dxc4 9. O-O a5 10. Ne5 Nxe5 11. dxe5 Nd7 12. f4 a4 13. Be3 Qe7 14. Qb1 Rb8
15. Qb5 Nb6 16. Bxb6 cxb6 17. Qxc4 Bd7 18. Rfd1 Rfc8 19. Qb4 Qc5+ 20. Qxc5 Rxc5
21. Rxd7 1-0